Statistics for Portal Stories: Mel Trivia

Click here to take the quiz!

General Stats

  • This quiz has been taken 25 times
  • The average score is 7 of 15

Answer Stats

HintAnswer% Correct
The playable characterMel
87%
The company you 'work' forAperture Science
80%
The person who the above impersonatesCave Johnson
73%
The above's main rivalBlack Mesa
67%
The main antagonistAEGIS
60%
What you end up testingPortal Gun
60%
The core who guides youVirgil
60%
The number that is seen many times2056
53%
Tune that can be heard on several radiosStill Alive
53%
The hidden core that is rather... colourfulRainbow Core
47%
What you were meant to be testingShort-Term Relaxation Vault
27%
The name of the credits songTime and Time Again
27%
What the above stands forAperture Employee Guardian and Intrusion System
13%
The name of the aboveOld Reliable
13%
The structure that the above blows upToxic Goo Pumping Station
7%

Score Distribution

Percentile by Number Answered

Percent of People with Each Score

Your Score History

You have not taken this quiz